000 00736cab a2200253 4500
001 WB2436-23
008 090401t1988 xxu||||| |||| 00| 0 eng d
035 _a(Sirsi) u17962
041 _aeng
245 _aChanges to home improvement grants
260 _c1988
350 _a0
490 _aDoE News Release
_vno 492 31 August 1988, 2 pages
520 _aAnnounces the publication of a DoE Circular which introduces changes to the Home Improvement Grants system.
650 _aCOUNCIL HOUSING
650 _aENVELOPING
650 _aFUNDING
650 _aGENERAL IMPROVEMENT AREAS
650 _aHOUSING ACTION AREAS
650 _aURBAN RENEWAL
690 _aBlock management
_96220
942 _n0
948 _c04/03/1997
999 _c11913
_d11913